000
00303nam a2200121Ia 4500
008
230524s9999 xx 000 0 und d
100
_a
Myke Predko
245
0
_a
Programming and Costomizing The PIC Microcontroller
260
_b
TMH
500
_a
Quantity Number: 6
650
_a
Comp-Sc
942
_c
BK
999
_c
50114
_d
50114